000 00554nam a2200181Ia 4500
005 20250508160230.0
008 008 250505s9999 xx 000 0 eng d
037 _aBooks to be hide in OPAC
040 _aFEDL
_beng
_cFEDL
041 _aeng
_2eng
084 _a542, NCE/O
_qFEDL
245 0 _aSchool chemistry : Class 6 laboratory manual
245 0 _cN C E R T
260 _aNew Delhi, India
_bThe National Council of Educational Research and Training
_c1968
300 _a33p.
942 _cHB
_h542, NCE/O
999 _c1362867
_d1362867